000 00348pab a2200145 454500
008 180718b1990 xxu||||| |||| 00| 0 eng d
100 _aChandra, Shanta
245 _aWomen entrepreneurs
_bA case study in Delhi
260 _c1990
300 _a17-25
362 _aNov.
650 _aWomen - India - Delhi
773 _aPrashasan
909 _a20963
999 _c20963
_d20963